000
00303nam a22001217a 4500
020
_a
NA
082
_2
22
_a
338.5
100
_a
Kohler heinz.
245
_a
Intermediate micro economics /
260
_a
Foresman and Compony,
_b
Foresman and Compony,
_c
c1990
300
_a
628 p,;
_b
NA
_c
24cm.
942
_2
ddc
_c
GEN
999
_c
2685
_d
2685